[Event "Let's Play Chess!"]
[Site "http://www.queenalice.com/game.php?id=508988"]
[Date "2008.12.17"]
[Round "-"]
[White "lafasouza"]
[Black "player_1"]
[Result "0-1"]
[WhiteElo "1706"]
[BlackElo "1499"]

1. e4 c5 2. Bc4 d6 3. Nf3 e6 4. d3 Nc6 5. Bg5 Be7 6. Nc3 Bxg5 7. O-O Be7 8. a3
Nf6 9. Re1 O-O 10. e5 dxe5 11. Nxe5 Nxe5 12. Rxe5 Bd6 13. Re1 a6 14. a4 Qc7 15.
g3 Bd7 16. b3 Rfe8 17. Ne4 Nxe4 18. Rxe4 Bc6 19. Rh4 Be5 20. Rb1 b5 21. axb5
axb5 22. d4 Bxd4 23. Bf1 Ra2 24. Qd3 g6 25. Qd2 f5 26. Bd3 Ra1 27. c3 Rxb1+ 28.
Bxb1 Bg7 29. Qe3 Qd6 30. Qc1 Bxc3 31. h3 Qd5 32. Be4 fxe4 33. Qxc3 Qd1+ 34. Kh2
e3 35. f3 Qe2+ 36. Kg1 Qf2+ 37. Kh1 Qxf3+ 38. Kg1 Qf2# 0-1

[Event "1038"]
[Site "http://www.queenalice.com/game.php?id=509169"]
[Date "2008.12.18"]
[Round "-"]
[White "player_1"]
[Black "phystutordotcom"]
[Result "0-1"]
[WhiteElo "1501"]
[BlackElo "1856"]

1. d4 g6 2. c4 Bg7 3. Nc3 d6 4. e4 Nd7 5. Nf3 e5 6. d5 Ngf6 7. Bd3 Nc5 8. O-O
Nxd3 9. Qxd3 O-O 10. Bg5 h6 11. Bd2 Nh5 12. Be3 f5 13. Rac1 g5 14. Ne1 f4 15.
Bd2 Qf6 16. Nc2 g4 17. Nb5 Qe7 18. Ba5 b6 19. Bd2 f3 20. Nb4 fxg2 21. Rfe1 Nf4
22. Nc6 Nxd3 23. Nxe7+ Kh7 24. Nxc7 Rb8 25. Re2 Nxc1 26. Bxc1 Rf7 27. Nxc8 Rxc8
0-1

[Event "Let's Play Chess!"]
[Site "http://www.queenalice.com/game.php?id=513948"]
[Date "2008.12.30"]
[Round "-"]
[White "dida"]
[Black "player_1"]
[Result "1-0"]
[WhiteElo "1565"]
[BlackElo "1605"]

1. e4 c5 2. Bc4 d6 3. Qf3 e6 4. Nc3 Nf6 5. h3 a6 6. d3 Qc7 7. Nge2 Be7 8. Be3
Nc6 9. Na4 b5 10. Nxc5 bxc4 11. Na4 Rb8 12. dxc4 Nb4 13. O-O Nxc2 14. Rab1 Nxe3
15. fxe3 O-O 16. b3 Bb7 17. Nac3 Ba8 18. Qg3 Bxe4 19. Nxe4 Rfc8 20. Nxf6+ Bxf6
21. Nf4 d5 22. cxd5 exd5 23. Qg4 Qe5 24. Qf3 d4 25. e4 Rc3 26. Qd1 Qxe4 27. Nh5
Qe3+ 28. Kh1 Be5 29. Nxg7 Bxg7 30. Rf3 Qh6 31. Rxc3 dxc3 32. Qc2 a5 33. Re1 Qd2
34. Qxd2 cxd2 35. Rd1 Bh6 36. Kh2 Re8 37. Kg3 Re1 38. Rxe1 dxe1=Q+ 39. Kg4 1-0

[Event "Let's Play Chess!"]
[Site "http://www.queenalice.com/game.php?id=515932"]
[Date "2009.1.2"]
[Round "-"]
[White "Abstro"]
[Black "player_1"]
[Result "1-0"]
[WhiteElo "1868"]
[BlackElo "1521"]

1. d4 d5 2. c4 c6 3. e3 Nf6 4. Nc3 Bg4 5. Be2 Bxe2 6. Qxe2 e6 7. c5 Be7 8. Nf3
Nbd7 9. O-O O-O 10. b4 a6 11. a4 b5 12. Qd3 h6 13. Ne5 Qc7 14. f4 a5 15. Nxc6
Qxc6 16. axb5 Nxc5 17. bxc5 Qb7 18. b6 Ne4 19. g4 Nxc3 20. Qxc3 Rfc8 21. Rxa5
Rc6 22. Bd2 Kf8 23. Rfa1 Rxa5 24. Rxa5 g5 25. Ra7 Qb8 26. e4 gxf4 27. e5 Bg5 28.
Qf3 Kg7 29. Bxf4 Qf8 30. Bxg5 hxg5 31. Qf6+ Kg8 32. Qxg5+ 1-0

[Event "Let's Play Chess!"]
[Site "http://www.queenalice.com/game.php?id=524811"]
[Date "2009.1.18"]
[Round "-"]
[White "player_1"]
[Black "CampbellMarcel"]
[Result "1-0"]
[WhiteElo "1549"]
[BlackElo "1752"]

1. d4 c5 2. d5 d6 3. c4 a6 4. e4 e5 5. Nc3 Nf6 6. Nf3 h6 7. Be2 g5 8. Be3 Bg7 9.
Qd2 Nh7 10. a3 O-O 11. h4 g4 12. Ng5 hxg5 13. hxg5 f5 14. g6 Nf6 15. Bh6 f4 16.
Bxg7 Kxg7 17. g3 Kxg6 18. gxf4 Nh5 19. f5+ Bxf5 20. exf5+ Rxf5 21. Bxg4 Rg5 22.
Bxh5+ Rxh5 23. Rg1+ Kh7 24. Qd3+ Kh8 25. Qg6 Rh7 26. O-O-O Nd7 27. Rh1 Nf6 28.
Ne4 Qg8 29. Qxf6+ Qg7 30. Rxh7+ Kxh7 31. Rh1+ Kg8 32. Qe6+ Qf7 33. Nf6+ Kf8 34.
Rh8+ 1-0

[Event "Let's Play Chess!"]
[Site "http://www.queenalice.com/game.php?id=531087"]
[Date "2009.1.29"]
[Round "-"]
[White "player_1"]
[Black "vitte10"]
[Result "1-0"]
[WhiteElo "1568"]
[BlackElo "1870"]

1. d4 Nf6 2. c4 e6 3. Nc3 Bb4 4. Qc2 Nc6 5. Nf3 d6 6. Bg5 O-O 7. e3 h6 8. Bh4
Re8 9. Be2 Ne7 10. Bxf6 Bxc3+ 11. Qxc3 gxf6 12. O-O-O Rb8 13. g4 a6 14. h4 Ng6
15. g5 h5 16. gxf6 Qxf6 17. Ng5 Qxf2 18. Bxh5 b5 19. Rdf1 Qg2 20. Nxf7 Kg7 21.
Bxg6 Qxg6 22. Rhg1 b4 23. Rxg6+ Kxg6 24. Qe1 e5 25. Qg3+ Kh7 26. Ng5+ Kg6 27.
Ne6+ Kh7 28. Qg7# 1-0

[Event "Let's Play Chess!"]
[Site "http://www.queenalice.com/game.php?id=533750"]
[Date "2009.2.2"]
[Round "-"]
[White "CampbellMarcel"]
[Black "player_1"]
[Result "1-0"]
[WhiteElo "1731"]
[BlackElo "1596"]

1. f4 g6 2. Nf3 Bg7 3. e4 d6 4. d4 c5 5. c3 cxd4 6. Nxd4 Nc6 7. Nxc6 bxc6 8. Be3
Nh6 9. h3 f5 10. Bd4 Bxd4 11. Qxd4 Rf8 12. Qg7 Nf7 13. Qxh7 fxe4 14. Qxg6 d5 15.
Qxc6+ Bd7 16. Qxd5 Bc6 17. Qxd8+ 1-0

[Event "Let's Play Chess!"]
[Site "http://www.queenalice.com/game.php?id=536731"]
[Date "2009.2.8"]
[Round "-"]
[White "Mikalus"]
[Black "player_1"]
[Result "1-0"]
[WhiteElo "1794"]
[BlackElo "1614"]

1. e4 c5 2. Bc4 e6 3. Nc3 d6 4. Nf3 Nc6 5. d4 cxd4 6. Nxd4 a6 7. Nxc6 bxc6 8.
Qf3 Nf6 9. Bg5 Be7 10. O-O-O Qc7 11. h4 h6 12. Be3 Bb7 13. g4 Rd8 14. g5 hxg5
15. hxg5 Rxh1 16. Rxh1 Ng8 17. Rh8 Kf8 18. Qh5 d5 19. Qh7 1-0

[Event "Let's Play Chess!"]
[Site "http://www.queenalice.com/game.php?id=537632"]
[Date "2009.2.9"]
[Round "-"]
[White "QueenFanny"]
[Black "player_1"]
[Result "0-1"]
[WhiteElo "1908"]
[BlackElo "1585"]

1. e4 c5 2. Nf3 d6 3. d4 cxd4 4. Nxd4 Nf6 5. Nc3 a6 6. f4 e6 7. Be2 Be7 8. O-O
Nbd7 9. Kh1 Qc7 10. f5 e5 11. Ne6 fxe6 12. Bh5+ Nxh5 13. Qxh5+ Kd8 14. fxe6 Nf6
15. Rxf6 gxf6 16. Nd5 Qc4 17. Be3 Bxe6 18. Bb6+ Kd7 19. Nxe7 Kxe7 20. Qh6 Qxe4
21. Qg7+ Bf7 22. Rf1 Qg6 0-1

[Event "Let's Play Chess!"]
[Site "http://www.queenalice.com/game.php?id=541439"]
[Date "2009.2.16"]
[Round "-"]
[White "igorjava"]
[Black "player_1"]
[Result "1-0"]
[WhiteElo "1967"]
[BlackElo "1596"]

1. e4 c5 2. Nf3 d6 3. d4 cxd4 4. Nxd4 Nf6 5. Nc3 a6 6. a4 Nc6 7. Bc4 e6 8. O-O
Be7 9. f4 Qc7 10. Kh1 Nxd4 11. Qxd4 O-O 12. f5 e5 13. Qd3 Bd7 14. Nd5 Nxd5 15.
Bxd5 Rac8 16. c4 Bc6 17. Bxc6 Qxc6 18. b3 Bf6 19. Ba3 Rfe8 20. Rad1 Rcd8 21. Qe3
h6 22. Rf3 Bg5 23. Qe2 Bf6 24. Rfd3 Be7 25. Rd5 1-0

[Event "Let's Play Chess!"]
[Site "http://www.queenalice.com/game.php?id=542943"]
[Date "2009.2.19"]
[Round "-"]
[White "colognestar"]
[Black "player_1"]
[Result "1-0"]
[WhiteElo "2119"]
[BlackElo "1598"]

1. d4 d5 2. Nc3 e6 3. Nf3 c5 4. e4 cxd4 5. Qxd4 Nc6 6. Bb5 Bd7 7. Bxc6 Bxc6 8.
exd5 Bxd5 9. Nxd5 Qxd5 10. Qxd5 exd5 11. O-O Bd6 12. Re1+ Kf8 13. Bg5 f6 14. Bh4
Re8 15. Rxe8+ Kxe8 16. Rd1 Ne7 17. Nd4 g5 18. Bg3 Bxg3 19. hxg3 Kf7 20. Nb5 Ke6
21. a3 Rc8 22. Rd2 a6 23. Nc3 h5 24. Kf1 Rd8 25. Na4 Kf7 26. Nc5 Rb8 27. Ke2 1-0

[Event "Let's Play Chess!"]
[Site "http://www.queenalice.com/game.php?id=542944"]
[Date "2009.2.19"]
[Round "-"]
[White "player_1"]
[Black "colognestar"]
[Result "0-1"]
[WhiteElo "1600"]
[BlackElo "2118"]

1. d4 f5 2. c4 Nf6 3. g3 g6 4. Bg2 Bg7 5. Nf3 d6 6. O-O O-O 7. Nc3 Qe8 8. d5 e5
9. dxe6 Bxe6 10. b3 Ne4 11. Nd5 Qf7 12. Ng5 Nxg5 13. Bxg5 h6 14. Be7 Rc8 15. Bf6
Bxf6 16. Nxf6+ Qxf6 17. Bxb7 Nd7 18. Bxa8 Rxa8 19. Rc1 Nc5 20. Qd2 Ne4 21. Qxh6
Rf8 22. Rfd1 Rf7 23. h4 Rh7 24. Qe3 g5 25. Qxa7 gxh4 26. Qb8+ Kf7 27. Qxc7+ Kg6
28. Rd3 Rxc7 0-1

[Event "Challenge"]
[Site "http://www.queenalice.com/game.php?id=543754"]
[Date "2009.2.20"]
[Round "-"]
[White "nandobr"]
[Black "player_1"]
[Result "0-1"]
[WhiteElo "1342"]
[BlackElo "1594"]

1. e4 c5 2. Bc4 e6 3. Qf3 d6 4. Nc3 Nf6 5. Nb5 a6 6. e5 dxe5 7. Nc3 Nc6 8. d3
Nd4 9. Qh3 Nxc2+ 10. Kd1 Nxa1 11. Nf3 Bd6 12. Be3 b5 13. Kd2 Bb7 14. Rxa1 bxc4
15. dxc4 Bxf3 16. gxf3 e4 17. Nxe4 Nxe4+ 18. fxe4 Bf4+ 19. Ke2 Bxe3 20. Kxe3
Qd4+ 21. Ke2 Qxb2+ 22. Ke3 Qc3+ 23. Kf4 Qxh3 24. Rd1 Qxh2+ 25. Ke3 O-O 26. Ke2
Rad8 27. Rxd8 Rxd8 28. e5 Qxe5+ 29. Kf1 Rd1+ 0-1

[Event "Let's Play Chess!"]
[Site "http://www.queenalice.com/game.php?id=559562"]
[Date "2009.3.21"]
[Round "-"]
[White "bluestuff370"]
[Black "player_1"]
[Result "1-0"]
[WhiteElo "1903"]
[BlackElo "1594"]

1. d4 d5 2. Nf3 g6 3. b4 b5 4. e3 e6 5. c3 a6 6. a3 Nf6 7. Bb2 Bg7 8. a4 Bb7 9.
axb5 O-O 10. bxa6 Bxa6 11. b5 Bb7 12. Rxa8 Bxa8 13. Qa4 Nbd7 14. c4 1-0

[Event "Challenge"]
[Site "http://www.queenalice.com/game.php?id=561271"]
[Date "2009.3.25"]
[Round "-"]
[White "AuntieRenie"]
[Black "player_1"]
[Result "1-0"]
[WhiteElo "1550"]
[BlackElo "1590"]

1. c4 c6 2. Nc3 d5 3. Nf3 Nf6 4. d4 Bg4 5. cxd5 Nxd5 6. Ne5 Nxc3 7. bxc3 Bc8 8.
Qb3 e6 9. e3 Bd6 10. Nc4 O-O 11. Nxd6 Qxd6 12. Ba3 Qd8 13. Bxf8 Qxf8 14. Bd3 Nd7
15. Bb1 Nb6 16. Qc2 1-0